000 00623nam a2200181Ia 4500
008 090124s9999 xx 000 0 und d
082 _b40173
100 _aकुंटे प्रभाकर
245 _a माझे जीवन राजकारण
250 _a1
260 _bग्रंथाली ज्ञानयज्ञ
_c2003
300 _a263
600 _aकुंटे प्रभाकर
630 _a माझे जीवन राजकारण
700 _aकुंटे प्रभाकर
730 _a माझे जीवन राजकारण
942 _cBOOK
999 _c105195
_d105195